000 00659nam a2200241 i 4500
001 C2-0081170
003 PPAK
005 20180727084320.0
008 970429s1941 enk |||| ||||| | eng d
040 _aPPAK
_beng
_cPPAK
_erda
082 0 4 _a914.9504
_223
090 0 0 _a914.9504
_bMIL
_dG
090 0 0 _a914.9504
_bMIL
_dKSA
100 1 _aMiller, Henry,
_eauthor
245 1 4 _aThe colossus of Maroussi
264 1 _aLondon :
_bMandarin Paperbacks ,
_c1941
300 _a248 pages ;
_c20 cm
336 _2rdacontent
_atext
337 _2rdamedia
_aunmediated
338 _2rdacarrier
_avolume
650 1 0 _aGreece - Description and travel
942 _ddc
_cB
999 _c14473
_d14473